| Registos Bibliográficos associados ao registo de autoridade |
|
Etiqueta de registo: 00000nam 2200025 450 001 1963137 003 http://id.bnportugal.gov.pt/bib/catbnp/1963137 100 ## $a20170519d2016 k y0pory01030103ba 101 0# $aeng$dpor 102 ## $aPT 105 ## $aa m 000yy 106 ## $ar 200 1# $aCombining neuromuscular and biomechanical features to assess sensorimotor impairments
after spinal cord injury or stroke$fFilipe André Oliveira Barroso$gorient. Cristina Manuela Peixoto dos Santos, Juan Camilo Moreno, Diego Torriceli 210 #9 $a[Guimarães$cs.n.],$d2016 215 ## $aXXIV, 186 p.$cil.$d30 cm 328 #1 $aTese dout. Engenharia Biomédica, Escola de Engenharia, Universidade do Minho, 2016 675 ## $a57.087(043)$vBN$zpor$31245084 675 ## $a612.76(043)$vBN$zpor$31274579 675 ## $a616.832(043)$vBN$zpor$31318783 675 ## $a616.8-009.6(043) $vBN$zpor$31482516 700 #1 $aBarroso,$bFilipe André Oliveira$31681359 702 #1 $aSantos,$bCristina Manuela Peixoto$4727$31596673 702 #1 $aMoreno,$bJuan Camilo$4727$31683338 702 #1 $aTorriceli,$bDiego$4727$31681361 801 #0 $aPT$bBN$gRPC 966 ## $lBN$mFGMON$sS.A. 165510 V.$x1
|
|
|